000 00429nam a2200145 a 4500
001 000041903
005 20201002035825.0
008 131021s1998 dr 000 0 spa d
040 _aDO-SdBNP
_bspa
_cBNPHU
082 _axxx
_bxxx
100 1 _aMedina Acosta, José B.
_968797
245 1 0 _aDesenterrando la iglesia de Dios. /
_cJosé B. Medina Acosta.
260 _aSanto Domingo, :
_bCorripio,
_c1998.
300 _a140 p. ;
_c23 cm.
999 _c41392
_d41392